000 01124nam a22003137a 4500
001 BR6004121
003 BR-BrBNA
005 20230928083202.0
007 ta
008 230509b bl.||||| |||| 00| 0 por d
040 _aBR-BrBNA
_bpor
_cBiblioteca Nacional de Agricultura
041 _a(Por)
072 _aE30; C00
_b/G514
090 _ E30 BR6004121
110 1 _aUniversidade Federal de Santo Maria, RS (Brasil)
_910941
111 1 _a1. Seminario sobre a Universidade Federal de Santa Maria e a Amazonia
_cSanta Maria, RS (Brazil)
_d22 Feb 1971
245 1 _a1. Seminario sobre a Universidade Federal de Santa Maria e a Amazonia. Retrospecto das atividades da Universidade Federal de Santa Maria em Roraima. Bases para um planejamento integrado [Brasil]
260 3 _aSanta Maria, RS (Brasil):
_c1972.
300 _a190 p.
650 _aDesenvolvimento agricola
650 _aEducacao agricola
650 _aDesenvolvimento social
650 _aDesenvolvimento economico
650 _aAmazonia
650 _aRoraima
650 _aEnsino superior
909 _a202309
_bLucia
_c55
_dLucia Elande
942 _cBK
999 _c12033
_d12033